Online
Catalog

Manuscrito francés del año 1715 dirigido al Ministro de Hacienda de Luis XV (encuaderno a las armas del referido Ministro) Rouillé Du Coudray, suplicado a su excelencia generalísimo don Rafael Leonadas Trujillo Molina, Presidente de la República Dominicana en prueba de la respetuosa admiración y de la lealtad de su Cónsul Honorario en Caen (Francia) el Conde Hanot d'Hartoy. (Record no. 57888)

MARC details
000 -CABECERA
campo de control de longitud fija 01413nam a2200289 i 4500
001 - NÚMERO DE CONTROL
campo de control 000022590
003 - IDENTIFICADOR DEL NÚMERO DE CONTROL
campo de control DO-SdBNP
005 - FECHA Y HORA DE LA ÚLTIMA TRANSACCIÓN
campo de control 20241017111227.0
007 - CAMPO FIJO DE DESCRIPCIÓN FÍSICA--INFORMACIÓN GENERAL
campo de control de longitud fija ta
008 - DATOS DE LONGITUD FIJA--INFORMACIÓN GENERAL
campo de control de longitud fija 241017s1936 dr 000 0 spa d
040 ## - FUENTE DE LA CATALOGACIÓN
Centro catalogador/agencia de origen DO-SdBNP
Lengua de catalogación spa
Centro/agencia transcriptor BNPHU
Normas de descripción rda
082 #4 - NÚMERO DE LA CLASIFICACIÓN DECIMAL DEWEY
Número de clasificación 944.9903
Número de documento/Ítem M294f
Número de edición 22
245 0# - MENCIÓN DE TÍTULO
Título Manuscrito francés del año 1715 dirigido al Ministro de Hacienda de Luis XV (encuaderno a las armas del referido Ministro) Rouillé Du Coudray, suplicado a su excelencia generalísimo don Rafael Leonadas Trujillo Molina, Presidente de la República Dominicana en prueba de la respetuosa admiración y de la lealtad de su Cónsul Honorario en Caen (Francia) el Conde Hanot d'Hartoy.
264 #1 - PRODUCCIÓN, PUBLICACIÓN, DISTRIBUCIÓN, FABRICACIÓN Y COPYRIGHT
Producción, publicación, distribución, fabricación y copyright Ciudad desconocida :
Nombre del de productor, editor, distribuidor, fabricante Editora desconocida,
Fecha de producción, publicación, distribución, fabricación o copyright 1936
300 ## - DESCRIPCIÓN FÍSICA
Extensión paginas variadas ;
Dimensiones 32 cm.
336 ## - TIPO DE CONTENIDO
Término de tipo de contenido texto
Código de tipo de contenido txt
Fuente rdacontent
337 ## - TIPO DE MEDIO
Nombre/término del tipo de medio sin mediación
Código del tipo de medio n
Fuente rdamedia
338 ## - TIPO DE SOPORTE
Nombre/término del tipo de soporte volumen
Código del tipo de soporte nc
Fuente rdacarrier
500 ## - NOTA GENERAL
Nota general En prueba de la respetuosa admiración y de la lealtad de su consul honorario en Caen (Francia) el Conde Hanot D`Hartoy, 1936
500 ## - NOTA GENERAL
Nota general A la cabeza del titulo : Contribución a la historia de Santo Domingo .
590 ## - NOTA LOCAL (RLIN)
Nota local Inventariado, 2024/ DG
600 10 - PUNTO DE ACCESO ADICIONAL DE MATERIA--NOMBRE DE PERSONA
Nombre de persona Luis XIV, Rey de Francia,
Fechas asociadas al nombre 1638-1715
9 (RLIN) 86713
651 #7 - PUNTO DE ACCESO ADICIONAL DE MATERIA--NOMBRE GEOGRÁFICO
Nombre geográfico Francia
Subdivisión general Relaciones
Subdivisión geográfica Dominicana
Subdivisión cronológica 1715
9 (RLIN) 86714
651 #7 - PUNTO DE ACCESO ADICIONAL DE MATERIA--NOMBRE GEOGRÁFICO
Nombre geográfico República Dominicana
Subdivisión general Relaciones
Subdivisión geográfica Francia
Subdivisión cronológica 1715
9 (RLIN) 86715
910 ## - DATOS DE OPCIÓN DEL USUARIO (OCLC)
Datos de opción del usuario DG
942 ## - ELEMENTOS DE PUNTO DE ACCESO ADICIONAL (KOHA)
Fuente del sistema de clasificación o colocación Dewey Decimal Classification
Tipo de ítem Koha Libro
Holdings
Estado de retiro Estado de pérdida Fuente del sistema de clasificación o colocación Restricciones de uso No para préstamo Código de colección Localización permanente Ubicación/localización actual Ubicación en estantería Fecha de adquisición Fuente de adquisición Total de préstamos Signatura topográfica completa Código de barras Fecha visto por última vez Precio válido a partir de Tipo de ítem Koha
    Dewey Decimal Classification Excluido de préstamo   Patrimonio Dominicano Raros y Valiosos Biblioteca Nacional Pedro Henríquez Ureña Biblioteca Nacional Pedro Henríquez Ureña Depósito 17.10.2024 donación   BNPHU PD-RV 944.9903 M294f 2024-5936 17.10.2024 17.10.2024 Libro

Powered by Koha